000 00503nam a2200169Ia 4500
008 090711s9999 xx 000 0 und d
082 _b78372
100 _aसप्रे Sाौधरी विद्या
245 _aनादनदी
260 _c1996
300 _a708
600 _aसप्रे Sाौधरी विद्या
630 _aनादनदी
700 _aसप्रे Sाौधरी विद्या
730 _aनादनदी
942 _cBOOK
999 _c302556
_d302556